000 00353nam a2200133Ia 4500
008 191014s9999 xx 000 0 und d
020 _a0-283-99035-x
082 _a997.11
_bETH
100 _aJeffrey Ethell & Alfred Price
_920500
245 0 _aAir War South Atlantic
260 _aLondon
_bSidgwick
_ Jakson
_c1983
300 _aPeg,260
942 _cBK
999 _c531087
_d531087